00343nam a2200145Ia 45000030006000000080041000060400015000471000015000622450016000772500006000932600061000993000006001605460014001660050017001800STCL150530s9999 xx 000 0 und d aSTCLcSTCL aRaja, K.K. aMalanaattil a1 bSahitya Pravarthaka Co Operative Society ; Kottayac1957 a0 aMalayalam20220125170711.0